| 000 -LEADER |
| fixed length control field |
01017 a2200229 4500 |
| 020 ## - INTERNATIONAL STANDARD BOOK NUMBER |
| International Standard Book Number |
0471674222 |
| 040 ## - CATALOGING SOURCE |
| Original cataloging agency |
DLC |
| Language of cataloging |
DLC |
| 082 00 - DEWEY DECIMAL CLASSIFICATION NUMBER |
| Classification number |
004.2 |
| 245 00 - TITLE STATEMENT |
| Title |
Dependable computing systems: paradigms, performance issues, and applications |
| Remainder of title |
paradigms, performance issues, and applications |
| Statement of responsibility, etc. |
Hassan B. Diab and Albert Y. Zomaya. |
| 260 ## - PUBLICATION, DISTRIBUTION, ETC. |
| Place of publication, distribution, etc. |
Hoboken, N.J. : |
| Name of publisher, distributor, etc. |
John Wiley, |
| Date of publication, distribution, etc. |
c2005. |
| 300 ## - PHYSICAL DESCRIPTION |
| Extent |
xxxix, 638 p. : |
| Other physical details |
ill. ; |
| Dimensions |
24 cm. |
| 440 #0 - SERIES STATEMENT/ADDED ENTRY--TITLE |
| Title |
Wiley series on parallel and distributed computing |
| 650 #0 - SUBJECT ADDED ENTRY--TOPICAL TERM |
| Topical term or geographic name entry element |
Fault-tolerant computing. |
| 650 #0 - SUBJECT ADDED ENTRY--TOPICAL TERM |
| Topical term or geographic name entry element |
Fault-tolerant computing |
| 650 #0 - SUBJECT ADDED ENTRY--TOPICAL TERM |
| Topical term or geographic name entry element |
Computers |
| General subdivision |
Reliability. |
| 700 1# - ADDED ENTRY--PERSONAL NAME |
| Personal name |
Diab, Hassan B. |
| 700 1# - ADDED ENTRY--PERSONAL NAME |
| Personal name |
Zomaya, Albert Y. |
| 856 41 - ELECTRONIC LOCATION AND ACCESS |
| Materials specified |
Table of contents only |
| Uniform Resource Identifier |
<a href="http://www.loc.gov/catdir/toc/ecip051/2004021743.html">http://www.loc.gov/catdir/toc/ecip051/2004021743.html</a> |
| 856 41 - ELECTRONIC LOCATION AND ACCESS |
| Materials specified |
Contributor biographical information |
| Uniform Resource Identifier |
<a href="http://www.loc.gov/catdir/enhancements/fy0616/2004021743-b.html">http://www.loc.gov/catdir/enhancements/fy0616/2004021743-b.html</a> |
| 856 41 - ELECTRONIC LOCATION AND ACCESS |
| Materials specified |
Publisher description |
| Uniform Resource Identifier |
<a href="http://www.loc.gov/catdir/enhancements/fy0616/2004021743-d.html">http://www.loc.gov/catdir/enhancements/fy0616/2004021743-d.html</a> |
| 942 ## - ADDED ENTRY ELEMENTS (KOHA) |
| Koha item type |
Book |
| Call number prefix |
004.2 DIA |
| Source of classification or shelving scheme |
|